| 000 | 00575nam a2200181 a 4500 | ||
|---|---|---|---|
| 005 | 20140412111241.0 | ||
| 008 | 010720s19uu xx 00 eng d | ||
| 020 | _a0-307-11586-0 | ||
| 050 |
_aER _bWi63 1990 |
||
| 100 | _aPhilipps, Joan | ||
| 245 |
_aWinnie the Pooh : _band the toy airplane / _cwritten by Joan Philipps; illustrated by Bill Langely and Russell Schroeder. |
||
| 260 |
_aNew York : _bA Golden Book, _c1990. |
||
| 300 | _a32p. ; ill. | ||
| 440 | _aWalt Disney's Winnie the Pooh | ||
| 650 | _aPoohs-Stories | ||
| 650 | _aAirplane-Fiction | ||
| 999 |
_c102750 _d102750 |
||